| 000 -LEADER |
| fixed length control field |
01857 a2200289 4500 |
| 003 - CONTROL NUMBER IDENTIFIER |
| control field |
OSt |
| 005 - DATE AND TIME OF LATEST TRANSACTION |
| control field |
20180116192338.0 |
| 008 - FIXED-LENGTH DATA ELEMENTS--GENERAL INFORMATION |
| fixed length control field |
120525t xxu||||| |||| 00| 0 eng d |
| 020 ## - INTERNATIONAL STANDARD BOOK NUMBER |
| International Standard Book Number |
1876907355 (hardcover) |
| 020 ## - INTERNATIONAL STANDARD BOOK NUMBER |
| International Standard Book Number |
9781876907358 (hardcover) |
| 040 ## - CATALOGING SOURCE |
| Transcribing agency |
0 |
| 082 04 - DEWEY DECIMAL CLASSIFICATION NUMBER |
| Classification number |
712.0977 |
| 100 1# - MAIN ENTRY--PERSONAL NAME |
| Personal name |
Tischler, William. |
| 9 (RLIN) |
2125 |
| 245 10 - TITLE STATEMENT |
| Title |
Smithgroup jjr : |
| Remainder of title |
creativity thru' collaboration / |
| Statement of responsibility, etc. |
William Tischler. |
| 260 ## - PUBLICATION, DISTRIBUTION, ETC. |
| Place of publication, distribution, etc. |
Victoria : |
| Name of publisher, distributor, etc. |
Images Publishing Dist A/C, |
| Date of publication, distribution, etc. |
2003. |
| 300 ## - PHYSICAL DESCRIPTION |
| Extent |
256 p. : |
| Other physical details |
ill.; |
| Dimensions |
31 cm. |
| 490 1# - SERIES STATEMENT |
| Series statement |
Master landscape architect. |
| 500 ## - GENERAL NOTE |
| General note |
Includes bibliographical refrences and index |
| 520 ## - SUMMARY, ETC. |
| Summary, etc. |
The work of SmithGroup JJR is much more than parks, gardens, bike trails, boat harbors, campuses and urban cores. From the firm's roots in landscape architecture, they have grown into a multi-disciplinary practice that goes far beyond creating beautiful spaces. They address the complex relationship between humans and their environment, and integrate the characteristics of the land with the use patterns of that land. This hardbound, 256 page book showcases how SmithGroup JJR makes innovative design an important part of every project. You will see visual proof of the firm's belief that good design goes hand in hand with good planning, a process that encompasses everything from civil engineering and landscape architecture to environmental science, urban planning and much more. 256 pages 8 3/4" x 11 3/4" full color hardbound 1-87690-735-5. |
| 650 0# - SUBJECT ADDED ENTRY--TOPICAL TERM |
| Topical term or geographic name entry element |
Landscape architects |
| 9 (RLIN) |
2126 |
| 650 0# - SUBJECT ADDED ENTRY--TOPICAL TERM |
| Topical term or geographic name entry element |
Landscape architecture |
| 9 (RLIN) |
2127 |
| 651 ## - SUBJECT ADDED ENTRY--GEOGRAPHIC NAME |
| Geographic name |
United States |
| 9 (RLIN) |
2128 |
| 830 #0 - SERIES ADDED ENTRY--UNIFORM TITLE |
| Uniform title |
Master landscape architect. |
| 9 (RLIN) |
2129 |
| 856 40 - ELECTRONIC LOCATION AND ACCESS |
| Materials specified |
Amazon.com |
| Uniform Resource Identifier |
<a href="http://www.amazon.com/exec/obidos/ASIN/1876907355/chopaconline-20">http://www.amazon.com/exec/obidos/ASIN/1876907355/chopaconline-20</a> |
| 942 ## - ADDED ENTRY ELEMENTS (KOHA) |
| Institution code [OBSOLETE] |
SADA |
| Koha item type |
Book |
| Call number prefix |
712.0977 TIS 2003 |
| Source of classification or shelving scheme |
|